| 000 | 01006cam a2200253 i 4500 | ||
|---|---|---|---|
| 003 | SA-RiAUC | ||
| 005 | 20250415082129.0 | ||
| 008 | 250408q19001999ua g 00000 ara c | ||
| 040 |
_aSA-RiKSU _bara _cSA-RiAUC _erda |
||
| 082 | 0 | 4 | _a224.3 |
| 090 |
_a224.3 _b س ج س |
||
| 100 | 1 |
_aالسجستاني، محمد بن عزيز، _dتوفي 330 هجري _eمؤلف. |
|
| 245 | 1 | 0 |
_aتفسير غريب القرآن / _cأبو بكر محمد السجستاني ؛ تحقيق محمد مصطفى أبو العلا. |
| 264 | 1 |
_aالقاهرة : _bمكتبة الجندي، _c[بين 1900 و1999] |
|
| 300 |
_a286 صفحة؛ _c24 سم. |
||
| 336 |
_aنص _btxt _2rdacontent _3كتاب |
||
| 337 |
_aبدون وسيط _bn _2rdamedia |
||
| 338 |
_aمجلد _bnc _2rdacarrier |
||
| 630 | 2 | 7 |
_aالقرآن _xغريب _2aucut |
| 630 | 2 | 7 |
_aالقرآن _xألفاظ _2aucut |
| 700 | 1 |
_aأبو العلا، محمد مصطفى _eمحقق. |
|
| 942 |
_2ddc _cBOOK _n0 |
||
| 949 |
_aSA-JeALM _d250408 _umohamedma123 _n1 |
||
| 999 |
_c7089 _d7089 |
||